| 000 | 00433nam a2200193Ia 4500 | ||
|---|---|---|---|
| 008 | 210210b1998 xxu||||| |||| 00| 0 eng d | ||
| 082 | _a820.4 MARS | ||
| 100 | _aMARTIN (H) | ||
| 245 | _aCollege essays Ed 38 | ||
| 250 | _a | ||
| 260 |
_aN D _bS. Chand & Co. Ltd. _c1998 |
||
| 300 | _axiv,321 | ||
| 650 | _aessays | ||
| 650 | _aEd | ||
| 650 | _aCollege | ||
| 650 | _a38 | ||
| 690 | _aIndian English Prose | ||
| 906 | _a053449 | ||
| 999 |
_c101582 _d101582 |
||